000 00598nam a22002297a 4500
003 UA-OsUOA
001 85081
007 ta
008 20120618b un ||||| |||| 00| 0 ukr d
100 _aБлюм Р.
090 _a821.161.2
_bБ71
942 _cBK
040 _aUA-OsUOA
_bukr
_cUA-OsUOA
_dUA-OsUOA
245 _aПірване дитя
_b3
300 _a1980 с.
955 _a3
041 _aukr
080 _a821.161.2
260 _aВінніпег
_bЦікавих повістій
650 7 _a82 Література. Літературознавство
_2UDC
999 _c371362
_d371362